Safer homes, stronger communities : (Record no. 9974)

MARC details
000 -LEADER
fixed length control field 00777nam a22002292 4500
001 - CONTROL NUMBER
control field 0000023792
005 - DATE AND TIME OF LATEST TRANSACTION
control field 20151217152248.0
008 - FIXED-LENGTH DATA ELEMENTS--GENERAL INFORMATION
fixed length control field 130325s xx 000 0 eng d
020 ## - INTERNATIONAL STANDARD BOOK NUMBER
International Standard Book Number 0821380451 :
040 ## - CATALOGING SOURCE
Original cataloging agency KABU
Transcribing agency KABU
245 10 - TITLE STATEMENT
Title Safer homes, stronger communities :
Remainder of title a handbook for reconstructing after natural disasters /
Statement of responsibility, etc. Abhas K. Jha.
250 ## - EDITION STATEMENT
Edition statement 1st ed.
260 ## - PUBLICATION, DISTRIBUTION, ETC. (IMPRINT)
Place of publication, distribution, etc. Washington, D. C. :
Name of publisher, distributor, etc. World Bank,
Date of publication, distribution, etc. 2010.
300 ## - PHYSICAL DESCRIPTION
Extent xxxi, 370 p.
650 #0 - SUBJECT ADDED ENTRY--TOPICAL TERM
Topical term or geographic name as entry element Disaster relief.
-- 0000166021
650 #0 - SUBJECT ADDED ENTRY--TOPICAL TERM
Topical term or geographic name as entry element Buildings
General subdivision Repair and reconstruction.
-- 0000183505
650 #0 - SUBJECT ADDED ENTRY--TOPICAL TERM
Topical term or geographic name as entry element Buildings
General subdivision Natural disaster effects.
-- 0000183506
710 2# - ADDED ENTRY--CORPORATE NAME
Corporate name or jurisdiction name as entry element World Bank.
-- 0000150142
852 1# - LOCATION
-- p1300 KES
908 ## - PUT COMMAND PARAMETER (RLIN)
Put command parameter 130325
950 ## - LOCAL HOLDINGS (RLIN)
-- 1
Holdings
Withdrawn status Lost status Source of classification or shelving scheme Not for loan Home library Current library Date acquired Total Checkouts Full call number Barcode Date last seen Date last checked out Price effective from Koha item type
    Library of Congress Classification   Kabarak, Main Campus Kabarak, Main Campus 17/12/2015 1 HV553 .S24 2010 c. 1 014643 13/09/2016 25/08/2016 17/12/2015 General Collection
Designed with assistance from East African Informatics Ltd